Field experiments and the practice of economics (Record no. 515637)

000 -LEADER
fixed length control field 00425nam a22001337a 4500
008 - FIXED-LENGTH DATA ELEMENTS--GENERAL INFORMATION
fixed length control field 210203b ||||| |||| 00| 0 eng d
100 ## - MAIN ENTRY--PERSONAL NAME
Personal name Banerjee, Abhijit Vinayak.
245 ## - TITLE STATEMENT
Title Field experiments and the practice of economics
260 ## - PUBLICATION, DISTRIBUTION, ETC. (IMPRINT)
Place of publication, distribution, etc The American Economic Review
300 ## - PHYSICAL DESCRIPTION
Extent 110(7), Jul, 2020: p.1937-1951
773 ## - HOST ITEM ENTRY
Main entry heading The American Economic Review
906 ## - LOCAL DATA ELEMENT F, LDF (RLIN)
Subject DIP ECONOMICS - EXPERIMENTS
942 ## - ADDED ENTRY ELEMENTS (KOHA)
Item type Articles
Holdings
Withdrawn status Lost status Source of classification or shelving scheme Damaged status Not for loan Permanent location Current location Date acquired Serial Enumeration / chronology Barcode Date last seen Koha item type
          Indian Institute of Public Administration Indian Institute of Public Administration 2021-02-03 110(7), Jul, 2020: p.1937-1951 AR124044 2021-02-03 Articles

Powered by Koha